000
00270nam a2200109Ia 4500
008
230907s9999||||xx |||||||||||||| ||und||
082
_a
620.44,SUR
245
0
_a
Surface analysis :
260
_a
Wiley,
_b
Chichester, U.K. :
_c
2009
300
_a
xix, 666 p. :
942
_c
BK
999
_c
597452
_d
597452